Statistiques concernant les 20 préfectures les plus proches de Tours

Cliquez ici pour prendre le quiz!

Statistiques générales

  • Ce quiz a été pris 189 fois
  • Le résultat moyen est 15 sur 20

Statistiques - réponses

distance (en km)ville préfecture% Correct
53Blois
95%
108Orleans
95%
93.88Angers
92%
80Le Mans
91%
170Nantes
90%
98Chateauroux
88%
93.95Poitiers
88%
134Bourges
84%
180La Roche sur Yon
83%
195Rennes
83%
132Chartres
82%
133Laval
77%
179Limoges
76%
148Niort
71%
163Gueret
60%
124Alencon
59%
190.2Versailles
59%
185Evreux
58%
189.7Evry Courcouronnes
55%
192Nevers
52%

Distribution des résultats

Percentile par nombre de réponses

% des personnes avec chaque résultat

Votre développement - résultats

Vous n’avez pas pris ce quiz